Myth of the ruling class: Gaetano Mosca and the Elite: With the first English translation of the final version of the theory of the ruling class (Record no. 10111)
[ view plain ]
| 000 -LEADER | |
|---|---|
| fixed length control field | 00519nam a2200157Ia 4500 |
| 008 - FIXED-LENGTH DATA ELEMENTS--GENERAL INFORMATION | |
| fixed length control field | 230917s9999||||xx |||||||||||||| ||und|| |
| 020 ## - ISBN | |
| Price | Rs. 15.75 |
| 040 ## - CATALOGING SOURCE | |
| -- | 5010117 |
| Original cataloging agency | VIVEKANANDA LIBRARY |
| 041 ## - Language | |
| -- | English |
| 082 ## - DDC NUMBER | |
| Classification number | 320.509 M478M |
| 100 ## - MAIN ENTRY--PERSONAL NAME | |
| Personal name | Meisel, James H |
| 245 #0 - TITLE STATEMENT | |
| Title | Myth of the ruling class: Gaetano Mosca and the Elite: With the first English translation of the final version of the theory of the ruling class |
| 260 ## - PUBLICATION, DISTRIBUTION, ETC. (IMPRINT) | |
| Place of publication, distribution, etc | Michigan |
| Name of publisher, distributor, etc | University of Michigan Press |
| Date of publication, distribution, etc | 1962 |
| 300 ## - PHYSICAL DESCRIPTION | |
| Pages | xiv, 432 p. |
| 942 ## - ADDED ENTRY ELEMENTS (KOHA) | |
| Koha item type | Books |
| Withdrawn status | Lost status | Damaged status | Not for loan | Location (home branch) | Sublocation or collection (holding branch) | Date acquired | Koha issues (times borrowed) | Koha full call number | Accession No. | Koha date last seen | Koha item type |
|---|---|---|---|---|---|---|---|---|---|---|---|
| VIVEKANANDA LIBRARY | VIVEKANANDA LIBRARY | 01/03/2021 | 320.509 M478M | 313173 | 17/09/2023 | Books |
